Managerial control and organizational democracy (Record no. 640985)

MARC details
000 -LEADER
fixed length control field 00829nam a2200241Ia 4500
003 - CONTROL NUMBER IDENTIFIER
control field OSt
005 - DATE AND TIME OF LATEST TRANSACTION
control field 20260122120541.0
008 - FIXED-LENGTH DATA ELEMENTS--GENERAL INFORMATION
fixed length control field 220923b |||||||| |||| 00| 0 eng d
037 ## - SOURCE OF ACQUISITION
Terms of availability General Book
040 ## - CATALOGING SOURCE
Original cataloging agency RTL
Transcribing agency RTL
Language of cataloging eng
041 ## - LANGUAGE CODE
Source of code eng
Language code of text/sound track or separate title eng
084 ## - COLON CLASSIFICATION NUMBER
Classification number X:8N9 , L8
Assigning agency RTL
100 ## - MAIN ENTRY--PERSONAL NAME
Personal name King Bert
9 (RLIN) 1104493
245 #0 - TITLE STATEMENT
Title Managerial control and organizational democracy
260 ## - PUBLICATION, DISTRIBUTION, ETC.
Place of publication, distribution, etc. New York
Name of publisher, distributor, etc. Wiley U S A
Date of publication, distribution, etc. 1978
300 ## - PHYSICAL DESCRIPTION
Extent xviii , 288 P. Author Index : 277-283 P. Subject Index : 284-288 p.
Other physical details Includes bibliographical references and index
650 ## - SUBJECT ADDED ENTRY--TOPICAL TERM
Topical term or geographic name entry element Public Relations
9 (RLIN) 1104481
700 ## - ADDED ENTRY--PERSONAL NAME
Personal name King Bert
Relator term Editor
9 (RLIN) 1104482
700 ## - ADDED ENTRY--PERSONAL NAME
Personal name Streufert Siegfried
Relator term Editor
9 (RLIN) 1104483
700 ## - ADDED ENTRY--PERSONAL NAME
Personal name Fiedler Fred E
Relator term Editor
9 (RLIN) 1104484
942 ## - ADDED ENTRY ELEMENTS (KOHA)
Classification part X:8N9 , L8
Koha item type General Books
Source of classification or shelving scheme Colon Classification (CC)
Suppress in OPAC No
Holdings
Withdrawn status Lost status Source of classification or shelving scheme Damaged status Not for loan Home library Current library Date acquired Total Checkouts Full call number Barcode Date last seen Price effective from Koha item type
    Colon Classification (CC)     Ratan Tata Library Ratan Tata Library 2022-09-26   X:8N9 L8 RT0576917 2022-09-26 2022-09-26 General Books
Copyright @ Delhi University Library System